Biswa Itihasar Rengani (Record no. 5054)

MARC details
000 -LEADER
fixed length control field 00511cam a2200193ua 4500
001 - CONTROL NUMBER
control field 5905
005 - DATE AND TIME OF LATEST TRANSACTION
control field 20260515113942.0
008 - FIXED-LENGTH DATA ELEMENTS--GENERAL INFORMATION
fixed length control field 131026n ii |||gr||||Z||||||asm
040 ## - CATALOGING SOURCE
Transcribing agency MAIN
082 ## - DEWEY DECIMAL CLASSIFICATION NUMBER
Classification number 909
100 1# - MAIN ENTRY--PERSONAL NAME
Personal name Goswami,Nabin Chandra,
Relator term Author.
245 11 - TITLE STATEMENT
Title Biswa Itihasar Rengani
Statement of responsibility, etc. by Nabin Chandra Goswami
250 ## - EDITION STATEMENT
Remainder of edition statement 1st ed.
260 ## - PUBLICATION, DISTRIBUTION, ETC.
Place of publication, distribution, etc. Dibrugarh:
Name of publisher, distributor, etc. Pathyaputhy Prostuti Samanay Samity,
Date of publication, distribution, etc. 1972.
300 ## - PHYSICAL DESCRIPTION
Extent 189p.
653 ## - INDEX TERM--UNCONTROLLED
Uncontrolled term World history
653 ## - INDEX TERM--UNCONTROLLED
Uncontrolled term Bishwa Itihasar Rengani
942 ## - ADDED ENTRY ELEMENTS (KOHA)
Koha item type Books
Holdings
Withdrawn status Lost status Damaged status Not for loan Home library Current library Shelving location Date acquired Total checkouts Full call number Barcode Date last seen Copy number Price effective from Koha item type
        Naharkatiya College Library Naharkatiya College Library General stacks 09/19/2020   909 | GOS 3517 09/19/2020 1 09/19/2020 Books